| 000 | 00574nam a2200229Ia 4500 | ||
|---|---|---|---|
| 003 | OSt | ||
| 005 | 20220926045316.0 | ||
| 006 | a|||||r|||| 00| 0 | ||
| 007 | ta | ||
| 008 | 220923b |||||||| |||| 00| 0 eng d | ||
| 037 | _cGeneral Book | ||
| 040 |
_aRTL _cRTL _beng |
||
| 041 |
_2eng _aeng |
||
| 082 | _aX6n1:N21, F41 | ||
| 110 |
_aLeague of Nations _910770 |
||
| 245 | 0 | _aMemorandum on currency | |
| 260 | _c1924 | ||
| 300 |
_a306p _ccm. |
||
| 700 |
_aLeague of Nations _910771 |
||
| 942 |
_hX6n1:N21, F41 _cGB _2CC |
||
| 999 |
_c677240 _d677240 |
||